Les 20 plus grands départements français - Statistiques

Statistiques générales
  • Ce quiz a été pris 47 fois
  • Le résultat moyen est 11 sur 20
Statistiques - réponses
Superficie Nom % Correct
2 10 061 km² Gironde
93%
1 83 824 km² Guyane
85%
3 9 261 km² Landes
83%
11 7 493 km² Isère
71%
4 8 734 km² Côte-d'Or
63%
6 8 492 km² Dordogne
63%
9 7 960 km² Puy-de-Dôme
63%
18 6 827 km² Charente-Maritime
56%
10 7 574 km² Pyrénées-Atlantiques
54%
19 6 776 km² Indre
51%
17 6 842 km² Nièvre
51%
12 7 311 km² Aisne
49%
5 8 513 km² Saône-et-Loire
49%
15 7 047 km² Yonne
49%
13 7 290 km² Allier
46%
7 8 337 km² Aveyron
46%
16 6 905 km² Alpes-de-Haute-Provence
44%
14 7 256 km² Cher
44%
20 6 728 km² Vienne
44%
8 8 101 km² Marne
39%
Aucun quiz correspondant
Distribution des résultats
% des personnes avec chaque résultat
Percentile par nombre de réponses
Votre historique - résultats
Vous n’avez pas pris ce quiz